[Event "Palma De Mallorca GP 2017"]
[Site "Palma de Mallorca ESP"]
[Date "2017.11.20"]
[Round "5.4"]
[White "Radjabov, Teimour"]
[Black "Harikrishna, Pentala"]
[Result "1/2-1/2"]
[WhiteTitle "GM"]
[BlackTitle "GM"]
[WhiteElo "2741"]
[BlackElo "2738"]
[WhiteFideId "13400924"]
[BlackFideId "5007003"]
[EventDate "2017.11.16"]

1. Nf3 d5 2. c4 d4 3. g3 c5 4. Bg2 Nc6 5. O-O e5 6. d3 Nf6 7. e3 Be7 8. exd4
cxd4 9. Re1 Nd7 10. Na3 O-O 11. Nc2 a5 12. b3 f6 13. Nd2 Nc5 14. Ne4 Bf5 15.
Nxc5 Bxc5 16. a3 Rb8 17. Rb1 Qd6 18. Qf3 Bg6 19. h4 h5 20. Rd1 Rfe8 21. b4 axb4
22. Qd5+ Qxd5 23. Bxd5+ Kh7 24. axb4 Bf8 25. Kf1 Rec8 26. b5 Na5 27. Rb2 e4 28.
Bxe4 Bxe4 29. dxe4 Nxc4 30. Ra2 Nd6 31. Nxd4 1/2-1/2

[Event "Palma De Mallorca GP 2017"]
[Site "Palma de Mallorca ESP"]
[Date "2017.11.20"]
[Round "5.5"]
[White "Giri, Anish"]
[Black "Riazantsev, Alexander"]
[Result "1/2-1/2"]
[WhiteTitle "GM"]
[BlackTitle "GM"]
[WhiteElo "2762"]
[BlackElo "2651"]
[WhiteFideId "24116068"]
[BlackFideId "4125029"]
[EventDate "2017.11.16"]

1. e4 c6 2. Nc3 d5 3. Nf3 dxe4 4. Nxe4 Nf6 5. Qe2 Nxe4 6. Qxe4 Qa5 7. Qf4 Qf5 8.
Qe3 Qxc2 9. Bd3 Qa4 10. O-O f6 11. b3 Qa5 12. Bb2 Na6 13. Rfe1 Nc7 14. b4 Qh5
15. b5 Nxb5 16. Nd4 Nxd4 17. Bxd4 1/2-1/2

[Event "Palma De Mallorca GP 2017"]
[Site "Palma de Mallorca ESP"]
[Date "2017.11.20"]
[Round "5.6"]
[White "Tomashevsky, Evgeny"]
[Black "Rapport, Richard"]
[Result "1/2-1/2"]
[WhiteTitle "GM"]
[BlackTitle "GM"]
[WhiteElo "2702"]
[BlackElo "2692"]
[WhiteFideId "4147235"]
[BlackFideId "738590"]
[EventDate "2017.11.16"]

1. d4 d5 2. c4 Nc6 3. Nf3 Bg4 4. Nc3 e6 5. cxd5 exd5 6. Bg5 Be7 7. Bxe7 Ngxe7 8.
e3 O-O 9. Be2 Qd6 10. O-O Nd8 11. Nb5 Qb6 12. Ne5 Bxe2 13. Qxe2 c6 14. Nc3 Re8
15. Qc2 a5 16. Rab1 Ne6 17. a3 Ng6 18. Nxg6 hxg6 19. Rfc1 Rec8 20. b4 Qd8 21.
Qb3 axb4 22. axb4 g5 23. Qd1 g6 24. h3 Kg7 1/2-1/2

[Event "Palma De Mallorca GP 2017"]
[Site "Palma de Mallorca ESP"]
[Date "2017.11.20"]
[Round "5.7"]
[White "Vallejo Pons, Francisco"]
[Black "Li, Chao b"]
[Result "1/2-1/2"]
[WhiteTitle "GM"]
[BlackTitle "GM"]
[WhiteElo "2705"]
[BlackElo "2741"]
[WhiteFideId "2205530"]
[BlackFideId "8604436"]
[EventDate "2017.11.16"]

1. e4 e5 2. Nf3 Nf6 3. Nxe5 d6 4. Nf3 Nxe4 5. Nc3 Nxc3 6. dxc3 Be7 7. Be3 Nc6 8.
Qd2 Be6 9. O-O-O Qd7 10. Kb1 a6 11. h3 O-O-O 12. Be2 Bf6 13. Nd4 Bxd4 14. cxd4
d5 15. g4 f6 16. Rdg1 Na7 17. Rg3 Kb8 18. h4 h6 19. Bf4 g5 20. Be3 Nc8 21. f4
Nd6 22. Qb4 gxh4 23. Rxh4 f5 24. g5 1/2-1/2

[Event "Palma De Mallorca GP 2017"]
[Site "Palma de Mallorca ESP"]
[Date "2017.11.20"]
[Round "5.8"]
[White "Eljanov, Pavel"]
[Black "Inarkiev, Ernesto"]
[Result "1/2-1/2"]
[WhiteTitle "GM"]
[BlackTitle "GM"]
[WhiteElo "2707"]
[BlackElo "2683"]
[WhiteFideId "14102951"]
[BlackFideId "4162722"]
[EventDate "2017.11.16"]

1. c4 Nf6 2. g3 c6 3. Nf3 d5 4. Bg2 g6 5. b3 Bg7 6. Bb2 O-O 7. O-O b6 8. d4 Bb7
9. Nc3 e6 10. Qc2 Qe7 11. Rad1 Na6 12. Qb1 Rfd8 13. Qa1 Rac8 14. e3 Ne4 15. Nxe4
dxe4 16. Ne1 c5 17. Nc2 Rd7 18. dxc5 Bxb2 19. Qxb2 Nxc5 20. Rxd7 Qxd7 21. Qd4
Qe7 22. Rd1 Nd3 23. Ne1 Nxe1 24. Rxe1 Rd8 25. Qa1 Qd6 26. Bf1 e5 27. Be2 Qb4 28.
Rd1 Rd2 29. a3 Qd6 30. b4 Rd3 31. Qb1 Qc6 32. b5 Rxd1+ 33. Qxd1 Qc7 34. Qd2 Kf8
35. Qb4+ Kg7 36. Kf1 Bc8 37. Ke1 Be6 38. h4 f5 39. Qc3 Kf7 40. Kd2 Qd6+ 41. Kc2
Ke7 42. Qb4 Qxb4 43. axb4 Kd6 44. Kc3 h6 45. Bd1 1/2-1/2

[Event "Palma De Mallorca GP 2017"]
[Site "Palma de Mallorca ESP"]
[Date "2017.11.20"]
[Round "5.9"]
[White "Gelfand, Boris"]
[Black "Hammer, Jon Ludvig"]
[Result "1/2-1/2"]
[WhiteTitle "GM"]
[BlackTitle "GM"]
[WhiteElo "2719"]
[BlackElo "2629"]
[WhiteFideId "2805677"]
[BlackFideId "1503707"]
[EventDate "2017.11.16"]

1. c4 e5 2. Nc3 Nf6 3. Nf3 Nc6 4. g3 Bb4 5. Bg2 O-O 6. O-O e4 7. Ng5 Bxc3 8.
bxc3 Re8 9. f3 e3 10. d3 d5 11. Qb3 Na5 12. Qa3 b6 13. cxd5 Nxd5 14. f4 Bb7 15.
c4 Ne7 16. Nf3 c5 17. Bb2 Nf5 18. Bc3 Nc6 19. Qb2 Rb8 20. Rab1 Ncd4 21. Nxd4
cxd4 22. Be1 Bxg2 23. Kxg2 a6 24. g4 Nh6 25. h3 f5 26. g5 Nf7 27. Bg3 b5 28.
Rfc1 1/2-1/2

[Event "Palma De Mallorca GP 2017"]
[Site "Palma de Mallorca ESP"]
[Date "2017.11.22"]
[Round "6.1"]
[White "Aronian, Levon"]
[Black "Svidler, Peter"]
[Result "1/2-1/2"]
[WhiteTitle "GM"]
[BlackTitle "GM"]
[WhiteElo "2801"]
[BlackElo "2763"]
[WhiteFideId "13300474"]
[BlackFideId "4102142"]
[EventDate "2017.11.16"]

1. d4 Nf6 2. c4 g6 3. f3 c5 4. d5 Bg7 5. e4 d6 6. Nc3 e6 7. Nge2 exd5 8. cxd5 a6
9. a4 Nbd7 10. Ng3 Nh5 11. Nxh5 gxh5 12. Bd3 O-O 13. O-O f5 14. exf5 Ne5 15. Bc2
Bxf5 16. Bxf5 Rxf5 17. Ne4 c4 18. Qc2 Qb6+ 19. Kh1 Rff8 20. Ng5 Nd3 21. Ne6 Rae8
22. Nxg7 Nf2+ 23. Kg1 Nd3+ 24. Kh1 Nf2+ 1/2-1/2

[Event "Palma De Mallorca GP 2017"]
[Site "Palma de Mallorca ESP"]
[Date "2017.11.22"]
[Round "6.2"]
[White "Harikrishna, Pentala"]
[Black "Vachier-Lagrave, Maxime"]
[Result "1/2-1/2"]
[WhiteTitle "GM"]
[BlackTitle "GM"]
[WhiteElo "2738"]
[BlackElo "2796"]
[WhiteFideId "5007003"]
[BlackFideId "623539"]
[EventDate "2017.11.16"]

1. Nf3 c5 2. c4 Nc6 3. d4 cxd4 4. Nxd4 Nf6 5. Nc3 e6 6. g3 Qb6 7. Nf3 Bb4 8. Bg2
O-O 9. O-O Bxc3 10. bxc3 Qc5 11. Qa4 Re8 12. Nd4 Ne5 13. Qb5 d6 14. Qxc5 dxc5
15. Nb5 Rd8 16. Na3 a6 17. Bf4 Ned7 18. Rfd1 Re8 19. Rab1 e5 20. Be3 e4 21. h3
h6 22. Nc2 b6 23. a4 Ne5 24. Na3 Be6 25. Rxb6 Bxc4 26. Rb2 Nd5 27. Bf4 Nxc3 28.
Rdd2 Nxe2+ 29. Kh2 Nxf4 30. gxf4 Nd3 31. Nxc4 Nxb2 32. Rxb2 Rab8 33. Rc2 Rb4 34.
a5 Ra4 35. Bf1 Re6 36. Rd2 Ra1 37. f5 Re8 38. Be2 g6 39. fxg6 fxg6 40. Kg2 Kg7
41. Rd7+ Kf6 42. Ra7 Ra2 43. Rxa6+ Re6 44. Rxe6+ 1/2-1/2

[Event "Palma De Mallorca GP 2017"]
[Site "Palma de Mallorca ESP"]
[Date "2017.11.22"]
[Round "6.4"]
[White "Giri, Anish"]
[Black "Jakovenko, Dmitry"]
[Result "1/2-1/2"]
[WhiteTitle "GM"]
[BlackTitle "GM"]
[WhiteElo "2762"]
[BlackElo "2721"]
[WhiteFideId "24116068"]
[BlackFideId "4122356"]
[EventDate "2017.11.16"]

1. e4 e5 2. Nf3 Nc6 3. Bb5 Nf6 4. d3 Bc5 5. Bxc6 dxc6 6. Nbd2 O-O 7. Qe2 Re8 8.
Nc4 Nd7 9. Rg1 Bb4+ 10. Bd2 Bxd2+ 11. Qxd2 Qf6 12. h4 c5 13. O-O-O b5 14. Ne3
Nb6 15. Qa5 a6 16. Kb1 Be6 17. h5 h6 18. b3 Qf4 19. Rh1 Qf6 20. Rd2 Bd7 21. c4
Qd6 22. Nh4 Qc6 23. Rc1 Be6 24. f3 Nd7 25. Nd5 Rac8 26. g4 Qb7 27. Nf5 Bxf5 28.
gxf5 c6 29. Ne3 Nf6 30. Rh2 Qd7 31. Rd1 Kh7 32. Qe1 Qd4 33. Nc2 Qd6 34. Ne3 Qd4
35. Nc2 Qd6 36. Ne3 1/2-1/2

[Event "Palma De Mallorca GP 2017"]
[Site "Palma de Mallorca ESP"]
[Date "2017.11.22"]
[Round "6.5"]
[White "Tomashevsky, Evgeny"]
[Black "Radjabov, Teimour"]
[Result "1-0"]
[WhiteTitle "GM"]
[BlackTitle "GM"]
[WhiteElo "2702"]
[BlackElo "2741"]
[WhiteFideId "4147235"]
[BlackFideId "13400924"]
[EventDate "2017.11.16"]

1. d4 d6 2. e4 Nf6 3. Nc3 g6 4. Nf3 Bg7 5. Be2 O-O 6. O-O c6 7. a4 Nbd7 8. a5
Qc7 9. Be3 e5 10. h3 exd4 11. Bxd4 Re8 12. Bc4 Nf8 13. Re1 Be6 14. Bf1 N8d7 15.
Ng5 a6 16. Qd2 c5 17. Be3 Ne5 18. Bf4 Rad8 19. Nxe6 fxe6 20. Na4 Nf7 21. Rad1
Nh5 22. Be3 Nf6 23. Bf4 Qc6 24. Nc3 Kh8 25. b3 h6 26. Bd3 g5 27. Bh2 Nd7 28. Ne2
Nfe5 29. f4 gxf4 30. Nxf4 Bf6 31. Kh1 Kh7 32. Rf1 Bg5 33. Qe2 Nf6 34. Nh5 Rf8
35. Bxe5 dxe5 36. Nxf6+ Bxf6 37. Bc4 Qe8 38. Qg4 Rxd1 39. Rxd1 Rg8 40. Qxe6 Qxe6
41. Bxe6 Rd8 42. Bd5 Kg7 43. g3 Rd7 44. h4 Bd8 45. Ra1 Kf6 46. Kg2 Kg6 47. Kf3
Rg7 48. c3 h5 49. Ra2 Kf6 50. Kg2 Kg6 51. Kf2 Kf6 52. Kf3 Kg6 53. b4 cxb4 54.
cxb4 Kh6 55. Rc2 Be7 56. Rb2 Bd8 57. Rb3 b6 58. b5 1-0

[Event "Palma De Mallorca GP 2017"]
[Site "Palma de Mallorca ESP"]
[Date "2017.11.22"]
[Round "6.6"]
[White "Riazantsev, Alexander"]
[Black "Rapport, Richard"]
[Result "0-1"]
[WhiteTitle "GM"]
[BlackTitle "GM"]
[WhiteElo "2651"]
[BlackElo "2692"]
[WhiteFideId "4125029"]
[BlackFideId "738590"]
[EventDate "2017.11.16"]

1. d4 e6 2. c4 f5 3. g3 Nf6 4. Bg2 Be7 5. Nf3 d5 6. O-O Ne4 7. Nc3 c6 8. Nd2 Nd6
9. b3 Nd7 10. a4 h5 11. b4 h4 12. b5 hxg3 13. hxg3 Nf6 14. Qb3 Bd7 15. a5 a6 16.
bxc6 bxc6 17. Ba3 Rb8 18. Qc2 Nfe4 19. Ncxe4 fxe4 20. Rfb1 Rxb1+ 21. Qxb1 e3 22.
Qg6+ Nf7 23. Bxe7 Qxe7 24. fxe3 O-O 25. Qd3 Qg5 26. e4 dxc4 27. Nxc4 c5 28. Qe3
Qxe3+ 29. Nxe3 cxd4 30. Nc2 e5 31. e3 Rc8 32. Nb4 dxe3 33. Bf1 Rb8 34. Nxa6 Rb2
35. Nc5 Ng5 36. Bg2 Bh3 37. Bxh3 Nf3+ 0-1

[Event "Palma De Mallorca GP 2017"]
[Site "Palma de Mallorca ESP"]
[Date "2017.11.22"]
[Round "6.7"]
[White "Li, Chao b"]
[Black "Eljanov, Pavel"]
[Result "1/2-1/2"]
[WhiteTitle "GM"]
[BlackTitle "GM"]
[WhiteElo "2741"]
[BlackElo "2707"]
[WhiteFideId "8604436"]
[BlackFideId "14102951"]
[EventDate "2017.11.16"]

1. d4 d5 2. c4 c6 3. Nf3 Nf6 4. Nc3 a6 5. c5 Bf5 6. Qb3 Ra7 7. Bf4 Nbd7 8. h3 e6
9. e3 Be7 10. Be2 O-O 11. O-O Ne4 12. Nxe4 Bxe4 13. Ne5 Nxe5 14. Bxe5 a5 15. a4
Re8 16. Rfc1 Bf6 17. Bxf6 Qxf6 18. Qc3 e5 19. Bf1 h5 20. b4 axb4 21. Qxb4 Rea8
22. Ra3 h4 23. Rca1 g5 24. a5 Kg7 25. Qb2 Re8 26. Rb3 Re7 27. Be2 Bf5 28. dxe5
Qxe5 29. Qxe5+ Rxe5 30. Kf1 Kf8 31. Ke1 Ke7 32. Kd2 Kd8 33. f3 Kc7 34. Rb4 f6
35. Bd3 Bd7 36. a6 Re8 37. Rxb7+ Rxb7 38. axb7 Kxb7 39. Ba6+ Kc7 40. Bd3 Kb7 1/2-1/2

[Event "Palma De Mallorca GP 2017"]
[Site "Palma de Mallorca ESP"]
[Date "2017.11.22"]
[Round "6.8"]
[White "Hammer, Jon Ludvig"]
[Black "Vallejo Pons, Francisco"]
[Result "1/2-1/2"]
[WhiteTitle "GM"]
[BlackTitle "GM"]
[WhiteElo "2629"]
[BlackElo "2705"]
[WhiteFideId "1503707"]
[BlackFideId "2205530"]
[EventDate "2017.11.16"]

1. d4 d5 2. c4 dxc4 3. e4 e5 4. Nf3 exd4 5. Bxc4 Bb4+ 6. Bd2 Bxd2+ 7. Nbxd2 Nc6
8. O-O Qf6 9. e5 Qg6 10. Nb3 Bh3 11. Nh4 Qg5 12. Qf3 Be6 13. Bxe6 fxe6 14. Qe4
O-O-O 15. Nf3 Qf5 16. Rfe1 Nh6 17. Nfxd4 Nxd4 18. Nxd4 Qxe4 19. Rxe4 Rhe8 20.
Rc1 Rd5 21. Kf1 Nf5 1/2-1/2

[Event "Palma De Mallorca GP 2017"]
[Site "Palma de Mallorca ESP"]
[Date "2017.11.22"]
[Round "6.9"]
[White "Gelfand, Boris"]
[Black "Inarkiev, Ernesto"]
[Result "0-1"]
[WhiteTitle "GM"]
[BlackTitle "GM"]
[WhiteElo "2719"]
[BlackElo "2683"]
[WhiteFideId "2805677"]
[BlackFideId "4162722"]
[EventDate "2017.11.16"]

1. c4 Nf6 2. Nc3 e5 3. Nf3 Nc6 4. g3 Bb4 5. Bg2 O-O 6. O-O d6 7. d3 Re8 8. Nd5
Nxd5 9. cxd5 Ne7 10. a3 Ba5 11. b4 Bb6 12. Nd2 c6 13. dxc6 Nxc6 14. Bb2 a6 15.
Rc1 Be6 16. e3 Qd7 17. Nc4 Ba7 18. a4 Nxb4 19. Ba3 a5 20. Nxa5 Na2 21. Rc4 Bxe3
22. Nxb7 Bxc4 23. dxc4 Bd4 24. Nxd6 Nc3 25. Qh5 Rxa4 26. Nxe8 Rxa3 27. Nxg7 Kxg7
28. Qg5+ Kf8 29. Qh6+ Ke7 30. Qxh7 Qg4 31. Qh6 Ra2 32. Qc6 Qf5 33. c5 Kf8 34.
Kh1 Kg7 35. f4 e4 36. g4 Qxg4 37. Bxe4 Ne2 0-1

[Event "Palma De Mallorca GP 2017"]
[Site "Palma de Mallorca ESP"]
[Date "2017.11.23"]
[Round "7.1"]
[White "Rapport, Richard"]
[Black "Aronian, Levon"]
[Result "1/2-1/2"]
[WhiteTitle "GM"]
[BlackTitle "GM"]
[WhiteElo "2692"]
[BlackElo "2801"]
[WhiteFideId "738590"]
[BlackFideId "13300474"]
[EventDate "2017.11.16"]

1. Nf3 d5 2. g3 Nf6 3. Bg2 e6 4. O-O Be7 5. c4 O-O 6. d4 dxc4 7. Qc2 a6 8. a4
Bd7 9. Rd1 Bc6 10. Bg5 a5 11. Nbd2 Na6 12. Nxc4 Nb4 13. Qb3 Nd7 14. Bxe7 Qxe7
15. Qa3 Rfd8 16. Rac1 Nd5 17. Qa1 N5f6 18. b3 Qb4 19. Ncd2 Rac8 20. e3 Ne4 21.
Nc4 Nd6 22. Ne1 Bxg2 23. Kxg2 Nxc4 24. bxc4 Qe7 25. Nd3 c5 26. Qa3 Kf8 27. Qb3
b6 28. Qb5 cxd4 29. exd4 Qd6 30. Nf4 Qc6+ 31. Qxc6 Rxc6 32. d5 Rd6 33. dxe6 Nc5
34. e7+ Kxe7 35. Nd5+ Kf8 36. Ra1 Rc8 37. Rdb1 Nd7 38. Ne3 Ne5 39. Rc1 Rd2 40.
Rcb1 Nd3 41. Rf1 g6 42. Ra3 Rc6 43. Rb3 Nc5 44. Ra3 Ne4 45. Raa1 Rf6 46. Ng4
Rfd6 47. Ne3 Rf6 48. Ng4 Rf5 49. Rfd1 Rc5 50. Rxd2 Nxd2 51. Nf6 Ke7 52. Nd5+ Kd6
53. Rd1 Nxc4 54. Nxb6+ Kc6 55. Nd7 Rd5 56. Rc1 Rd4 57. Ne5+ Kc5 58. Nxf7 Kb4 59.
Ng5 Nd2 60. Ne6 Rc4 61. Ra1 Kb3 62. f4 Kb2 63. Re1 Rxa4 64. Re5 Kc3 65. f5 Nc4
66. Rc5 gxf5 67. Kh3 Ra2 68. Rxf5 a4 69. Nc7 Rd2 70. Rf8 Rd7 71. Nb5+ Kb4 72.
Rb8 1/2-1/2

[Event "Palma De Mallorca GP 2017"]
[Site "Palma de Mallorca ESP"]
[Date "2017.11.23"]
[Round "7.4"]
[White "Jakovenko, Dmitry"]
[Black "Harikrishna, Pentala"]
[Result "1/2-1/2"]
[WhiteTitle "GM"]
[BlackTitle "GM"]
[WhiteElo "2721"]
[BlackElo "2738"]
[WhiteFideId "4122356"]
[BlackFideId "5007003"]
[EventDate "2017.11.16"]

1. e4 c5 2. Nf3 e6 3. d4 cxd4 4. Nxd4 Nc6 5. Nc3 Qc7 6. Be3 a6 7. Be2 Nf6 8. O-O
Be7 9. f4 d6 10. a4 O-O 11. Kh1 Re8 12. Bf3 Nxd4 13. Qxd4 e5 14. Qd2 exf4 15.
Bxf4 Be6 16. Rfd1 Rad8 17. a5 Ng4 18. Bxg4 Bxg4 19. Nd5 Qd7 20. Rf1 Be6 21. b3
Bxd5 22. Qxd5 Qc6 23. Rad1 1/2-1/2

[Event "Palma De Mallorca GP 2017"]
[Site "Palma de Mallorca ESP"]
[Date "2017.11.23"]
[Round "7.6"]
[White "Inarkiev, Ernesto"]
[Black "Vallejo Pons, Francisco"]
[Result "1/2-1/2"]
[WhiteTitle "GM"]
[BlackTitle "GM"]
[WhiteElo "2683"]
[BlackElo "2705"]
[WhiteFideId "4162722"]
[BlackFideId "2205530"]
[EventDate "2017.11.16"]

1. e4 e6 2. d4 d5 3. Nc3 Bb4 4. e5 c5 5. a3 Ba5 6. b4 cxd4 7. Qg4 Kf8 8. Nb5 Bb6
9. Nf3 Nc6 10. Bb2 Nge7 11. Bd3 Ng6 12. Qg3 f6 13. Bxg6 hxg6 14. Nbxd4 Nxd4 15.
Bxd4 Kf7 16. O-O Bd7 17. Rfe1 Rc8 18. c3 g5 19. Re3 Bxd4 20. cxd4 Rh5 21. exf6
gxf6 22. Rae1 Qc7 23. Qg4 Rch8 24. Rxe6 Bxe6 25. Qxe6+ Kg7 26. h3 Qf7 27. Qd6
Re8 28. Rc1 Qe6 29. Qg3 Rh7 30. h4 Reh8 31. Rc7+ Kf8 32. Rxh7 Rxh7 33. hxg5 Qe4
34. Qd6+ Ke8 35. Qb8+ Kf7 36. Qc7+ Kg6 37. Qc1 Rh5 38. Qd1 Rh8 39. gxf6 Kxf6 40.
Ne5 Ke6 41. Ng4 Kd6 42. f3 Qf4 43. Kf2 Rf8 44. Ne3 Qh4+ 45. Ke2 Re8 46. Qd3 Qg5
47. Kf2 Qh4+ 48. Ke2 Qg5 49. Kf2 Qh4+ 1/2-1/2

[Event "Palma De Mallorca GP 2017"]
[Site "Palma de Mallorca ESP"]
[Date "2017.11.23"]
[Round "7.7"]
[White "Radjabov, Teimour"]
[Black "Li, Chao b"]
[Result "1-0"]
[WhiteTitle "GM"]
[BlackTitle "GM"]
[WhiteElo "2741"]
[BlackElo "2741"]
[WhiteFideId "13400924"]
[BlackFideId "8604436"]
[EventDate "2017.11.16"]

1. c4 g6 2. e4 e5 3. d4 Nf6 4. Nf3 exd4 5. e5 Bb4+ 6. Bd2 Qe7 7. Bxb4 Qxb4+ 8.
Qd2 Qxd2+ 9. Nbxd2 Nh5 10. Nxd4 Nc6 11. N2f3 b6 12. Nb5 Kd8 13. O-O-O Re8 14. g3
a6 15. Nbd4 Bb7 16. Nxc6+ Bxc6 17. Bh3 f5 18. Bg2 b5 19. Rhe1 bxc4 20. Nh4 Bxg2
21. Nxg2 Rb8 22. Rd4 g5 23. Red1 Rxe5 24. Rxd7+ Kc8 25. Rxh7 Nf6 26. Rh8+ Kb7
27. Rxb8+ Kxb8 28. Ne3 f4 29. Nxc4 Re2 30. Rd2 Re1+ 31. Kc2 Kb7 32. Kd3 Rh1 33.
gxf4 gxf4 34. f3 Rf1 35. Ne5 Re1 36. Ng4 Nd5 37. h4 c5 38. h5 Nb4+ 39. Kc4 Rc1+
40. Kb3 Nc6 41. h6 Nd4+ 42. Ka3 Nxf3 43. h7 Nxd2 44. h8=Q Nc4+ 45. Ka4 Nb6+ 46.
Kb3 a5 47. Qf6 a4+ 48. Ka3 Ka6 49. Qxf4 Nc4+ 50. Kxa4 Nxb2+ 51. Kb3 Nd3 52. Qd6+
Kb5 53. a4+ 1-0

[Event "Palma De Mallorca GP 2017"]
[Site "Palma de Mallorca ESP"]
[Date "2017.11.23"]
[Round "7.8"]
[White "Eljanov, Pavel"]
[Black "Hammer, Jon Ludvig"]
[Result "1-0"]
[WhiteTitle "GM"]
[BlackTitle "GM"]
[WhiteElo "2707"]
[BlackElo "2629"]
[WhiteFideId "14102951"]
[BlackFideId "1503707"]
[EventDate "2017.11.16"]

1. e4 c6 2. Nf3 d5 3. exd5 cxd5 4. d4 Nf6 5. Bf4 Bg4 6. Nbd2 Nc6 7. c3 e6 8. Qb3
Bd6 9. Qxb7 O-O 10. Bg3 Rc8 11. Bd3 Bxg3 12. hxg3 Qd6 13. Qa6 Rb8 14. Nb3 Rb6
15. Qa4 e5 16. dxe5 Nxe5 17. Nxe5 Qxe5+ 18. Kf1 Re8 19. Bxh7+ Nxh7 20. Qxg4 Rf6
21. Nd4 Ng5 22. Kg1 Rxf2 23. Kxf2 Qe3+ 24. Kf1 Ne4 25. Qxg7+ 1-0

[Event "Palma De Mallorca GP 2017"]
[Site "Palma de Mallorca ESP"]
[Date "2017.11.24"]
[Round "8.1"]
[White "Aronian, Levon"]
[Black "Tomashevsky, Evgeny"]
[Result "1/2-1/2"]
[WhiteTitle "GM"]
[BlackTitle "GM"]
[WhiteElo "2801"]
[BlackElo "2702"]
[WhiteFideId "13300474"]
[BlackFideId "4147235"]
[EventDate "2017.11.16"]
[EventType "swiss"]

1. d4 Nf6 2. c4 e6 3. Nf3 b6 4. g3 Bb7 5. Bg2 Be7 6. O-O O-O 7. Nc3 Ne4 8. Bd2
Bf6 9. Ne5 Nxc3 10. Bxc3 Bxg2 11. Kxg2 c5 12. Nf3 cxd4 13. Bxd4 Na6 14. Bxf6
Qxf6 15. Qd4 Qxd4 16. Nxd4 Rfc8 17. b3 1/2-1/2

[Event "Palma De Mallorca GP 2017"]
[Site "Palma de Mallorca ESP"]
[Date "2017.11.24"]
[Round "8.4"]
[White "Rapport, Richard"]
[Black "Jakovenko, Dmitry"]
[Result "1/2-1/2"]
[WhiteTitle "GM"]
[BlackTitle "GM"]
[WhiteElo "2692"]
[BlackElo "2721"]
[WhiteFideId "738590"]
[BlackFideId "4122356"]
[EventDate "2017.11.16"]
[EventType "swiss"]

1. d4 Nf6 2. Bg5 d5 3. e3 c5 4. c3 Qb6 5. Qc2 Nc6 6. Nd2 e5 7. dxe5 Nxe5 8. Be2
Be7 9. Ngf3 Ng6 10. O-O O-O 11. c4 Be6 12. cxd5 Nxd5 13. Bc4 h6 14. Bxe7 Ngxe7
15. a3 1/2-1/2

[Event "Palma De Mallorca GP 2017"]
[Site "Palma de Mallorca ESP"]
[Date "2017.11.24"]
[Round "8.5"]
[White "Inarkiev, Ernesto"]
[Black "Vachier-Lagrave, Maxime"]
[Result "1/2-1/2"]
[WhiteTitle "GM"]
[BlackTitle "GM"]
[WhiteElo "2683"]
[BlackElo "2796"]
[WhiteFideId "4162722"]
[BlackFideId "623539"]
[EventDate "2017.11.16"]
[EventType "swiss"]

1. d4 Nf6 2. c4 g6 3. Nc3 d5 4. Bf4 Bg7 5. e3 O-O 6. cxd5 Nxd5 7. Nxd5 Qxd5 8.
Bxc7 Na6 9. Bxa6 Qxg2 10. Qf3 Qxf3 11. Nxf3 bxa6 12. Rc1 f6 13. Rg1 Rf7 14. b3
Bd7 15. Ba5 e6 16. Nd2 Rc8 17. Rxc8+ Bxc8 18. Ne4 Bf8 19. Ke2 Bb7 20. f3 Kg7 21.
Rc1 g5 22. Nc5 Bxc5 23. dxc5 Bc6 24. Rd1 Bb5+ 25. Kf2 Rd7 26. Rxd7+ Bxd7 27. Bc7
e5 28. Bb8 Kg6 29. Bxa7 Kf5 30. Kg3 h5 31. e4+ Ke6 32. h4 gxh4+ 33. Kxh4 f5 34.
Kxh5 fxe4 35. fxe4 Bc6 36. Kg4 Bxe4 37. Kg3 Bb1 38. a3 Bc2 39. b4 Ba4 40. Kf3
Kd5 41. Ke3 1/2-1/2

[Event "Palma De Mallorca GP 2017"]
[Site "Palma de Mallorca ESP"]
[Date "2017.11.24"]
[Round "8.6"]
[White "Vallejo Pons, Francisco"]
[Black "Eljanov, Pavel"]
[Result "1/2-1/2"]
[WhiteTitle "GM"]
[BlackTitle "GM"]
[WhiteElo "2705"]
[BlackElo "2707"]
[WhiteFideId "2205530"]
[BlackFideId "14102951"]
[EventDate "2017.11.16"]
[EventType "swiss"]

1. e4 e5 2. Nf3 Nc6 3. Bb5 Nf6 4. d3 Bc5 5. c3 O-O 6. O-O d6 7. h3 a6 8. Ba4 Ba7
9. Re1 Ne7 10. Nbd2 Ng6 11. Nf1 d5 12. Bg5 h6 13. Bxf6 Qxf6 14. exd5 Nf4 15. Ng3
Qg6 16. d4 exd4 17. Nxd4 Nxd5 18. Bb3 c6 19. Bxd5 cxd5 20. Qf3 Bxd4 21. cxd4 Be6
22. Nh5 Rac8 23. Rac1 Rxc1 24. Rxc1 Qe4 25. Qd1 Rc8 26. Rxc8+ Bxc8 27. a3 Bf5
28. Qd2 Qd3 29. Qxd3 Bxd3 30. f3 f6 31. Nf4 Bc4 32. g3 Kf7 33. Kf2 g5 34. Ng2
Ke6 35. Ne3 Bd3 36. Ng4 h5 37. Ne3 a5 38. h4 b6 39. Nd1 Kd6 40. Nc3 Bc2 41. Ke3
Bf5 42. Nd1 Ke6 43. Nf2 Bg6 44. Kd2 Be8 45. Ke3 Bg6 46. Nh3 Bf5 47. Ng1 Bg6 48.
Ne2 Bf5 49. Kd2 Kd6 50. Nc3 Bd7 51. b3 Bf5 52. Nd1 Bd7 53. Nf2 Ke6 54. Ke3 Kd6
55. Nd3 Bf5 56. Nc1 Bd7 57. Na2 Bf5 58. b4 axb4 59. Nxb4 Bb1 60. Ke2 Ke6 61. Kd2
Bg6 62. Na2 Kd6 63. Kc3 Bb1 64. Nc1 Bf5 65. Ne2 Bh3 66. Kd2 Bd7 67. f4 gxh4 68.
gxh4 Bg4 69. Ng3 Kc6 70. Nf1 Kb5 71. Ne3 Bf3 72. Kc3 Ka4 73. Kb2 Be4 74. Nd1 Kb5
75. Kb3 Bd3 76. Nc3+ Kc6 77. Kb4 Kd6 78. Nd1 Kc6 79. Ne3 Kd6 80. Kc3 Be2 81.
Nf5+ Kd7 82. Kb4 Kc6 83. a4 Bg4 84. Ng7 Be2 85. Ne8 Kd7 86. Ng7 Kd6 87. Nf5+ Kc6
88. Ng3 Bg4 89. Nf1 Bf3 90. Ne3 Be4 91. Kb3 Kd6 92. Kc3 Kc6 93. Kb4 Bd3 94. Kc3
Be4 95. Nf1 Bf3 96. Ng3 Bg4 97. Kb4 Kc7 98. Nf1 Kc6 99. Ne3 Bd7 100. f5 Bc8 101.
a5 bxa5+ 102. Kxa5 Bb7 103. Ng2 Bc8 104. Nf4 Bxf5 105. Nxh5 Kd6 106. Nxf6 Ke6
107. Nh5 Bg4 108. Ng3 Bf3 109. Kb4 Kf6 110. Kc3 Kg6 111. Kb3 Bg4 112. Kb2 Bc8
113. Kc3 Ba6 114. Kd2 Bc4 115. Ke3 Bb3 116. Kf3 Ba4 117. Kf4 Bd1 118. Nf5 Kh5
119. Kg3 Ba4 120. Ne3 Bc6 121. Ng4 Bb7 122. Ne5 Ba6 123. Nd7 Kg6 124. Nb6 Bb7
125. Nd7 Kf5 126. Kf3 Bc6 127. Nb6 Be8 128. Nc8 Bh5+ 129. Ke3 Kg4 130. Ne7 Bf7
131. Nc6 Be6 132. Nb4 Bg8 133. h5 Kg5 134. h6 Kxh6 135. Kf4 Kg7 136. Ke5 Kf7
137. Nxd5 Kf8 138. Kd6 Bf7 139. Nc7 Bb3 140. d5 Bxd5 1/2-1/2